Name the subdivisions of Australia - Statistics

General Stats
  • This quiz has been taken 22 times
  • The average score is 4 of 6
Answer Stats
Subdivision % Correct
Western Australia
94%
New South Wales
88%
Queensland
75%
Victoria
69%
Northern Territory
63%
Australian Capital Territory
56%
No matching quizzes found
Score Distribution
Percent of People with Each Score
Percentile by Number Answered
Your Score History
You have not taken this quiz